Capital cities with more than one O - Statistics

General Stats
  • This quiz has been taken 51 times
    44 since last reset
  • The average score is 16 of 25
Answer Stats
Answer % Correct
Oslo
91%
London
88%
Tokyo
88%
Moscow
81%
Bogota
78%
Santo Domingo
75%
Stockholm
75%
Port Moresby
72%
Porto Novo
69%
Ouagadougou
66%
Port of Spain
66%
Montevideo
63%
Port Louis
63%
Georgetown
59%
Dodoma
56%
Monaco
56%
Monrovia
56%
Moroni
56%
Podgorica
56%
Sao Tome
56%
Nouakchott
53%
Yamoussoukro
53%
Gaborone
50%
Bloemfontein
38%
San Salvador
6%
No matching quizzes found
Score Distribution
Percent of People with Each Score
Percentile by Number Answered
Your Score History
You have not taken this quiz since the last reset